Statistiques concernant Les homonymes dans la langue française - lettre Q

Cliquez ici pour prendre le quiz!

Statistiques générales

  • Ce quiz a été pris 110 fois
  • Le résultat moyen est 10 sur 14

Statistiques - réponses

MotIndiceHomonyme% Correct
quartconjonctioncar
99%
quadrantsolairecadran
98%
quartede visitecarte
98%
quantonentité territorialecanton
95%
quitteà assemblerkit
87%
quartevéhiculekart
86%
quartierfabricantcartier
82%
quoimuetcoi
79%
quandéquipecamp
73%
quandpronomquant
67%
quadraturemontrecadrature
62%
quickonomatopéecouic
54%
quartskicarre
33%
queuecuisinierqueux
18%

Distribution des résultats

Percentile par nombre de réponses

% des personnes avec chaque résultat

Votre développement - résultats

Vous n’avez pas pris ce quiz